| 000 | 00791cab a2200253 4500 | ||
|---|---|---|---|
| 001 | ABS52016 | ||
| 008 | 090401t1994 xxu||||| |||| 00| 0 eng d | ||
| 035 | _a(Sirsi) u54851 | ||
| 041 | _aeng | ||
| 100 | _aTompsett, R. | ||
| 245 | _aIs a `landfill levy` just a load of rubbish? | ||
| 260 | _c1994 | ||
| 350 | _a0 | ||
| 490 |
_aPlanning Week _v2(49) 12 December 1994, 8(1) |
||
| 520 | _aExamines the proposed introduction of a tax on landfill sites in 1996 and questions how much of the levy will go back into the environment. | ||
| 650 | _aBUILT ENVIRONMENT-BUILDING MATERIALS | ||
| 650 | _aLANDFILL LEVY | ||
| 650 | _aLANDFILL SITES | ||
| 650 | _aWASTE INDUSTRY | ||
| 690 | _aENVIRONMENTAL AND LAND CONSULTANCY | ||
| 690 | _aTAXATION | ||
| 942 | _n0 | ||
| 948 | _c04/03/1997 | ||
| 999 |
_c33608 _d33608 |
||